[Event "Reykjavik Open 2018"]
[Site "Reykjavik ISL"]
[Date "2018.03.11"]
[Round "6.22"]
[White "Grigoriants, Sergey"]
[Black "Loew, Gerald"]
[Result "1-0"]
[WhiteTitle "GM"]
[BlackTitle "FM"]
[WhiteElo "2568"]
[BlackElo "2204"]
[WhiteFideId "4130804"]
[BlackFideId "4615875"]
[EventDate "2018.03.06"]

1. e4 d6 2. d4 Nf6 3. Nc3 e5 4. Nf3 Nbd7 5. Bc4 Be7 6. O-O O-O 7. a4 c6 8. Re1
b6 9. b3 a6 10. Bb2 Bb7 11. Bd3 Re8 12. Ne2 Bf8 13. Ng3 g6 14. Qd2 Qe7 15. a5 b5
16. c4 Bg7 17. Rac1 exd4 18. cxb5 axb5 19. b4 Ne5 20. Nxd4 Nxd3 21. Qxd3 Qd7 22.
Ndf5 gxf5 23. Nxf5 Re5 24. Nxg7 Kxg7 25. f4 Re6 26. f5 Re5 27. Qg3+ Kf8 28. Bxe5
dxe5 29. Qxe5 Qe7 30. Qc3 Rd8 31. Kh1 Kg8 32. Qg3+ Kf8 33. Qc3 Kg8 34. e5 Nd5
35. Qg3+ Kh8 36. f6 Qf8 37. Re4 Qh6 38. Rd1 Rg8 39. Rg4 Rxg4 40. Qxg4 Qf8 41.
Qd7 Ba8 42. h3 Qg8 43. e6 Nf4 44. Qd8 Nxe6 45. Qxg8+ Kxg8 46. Rd7 c5 47. bxc5 b4
48. a6 h5 49. Rb7 Nxc5 50. Rb8+ Kh7 51. Rxa8 b3 52. a7 1-0

[Event "Reykjavik Open 2018"]
[Site "Reykjavik ISL"]
[Date "2018.03.11"]
[Round "6.23"]
[White "Ptacnikova, Lenka"]
[Black "Hamitevici, Vladimir"]
[Result "0-1"]
[WhiteTitle "WGM"]
[BlackTitle "GM"]
[WhiteElo "2200"]
[BlackElo "2512"]
[WhiteFideId "305650"]
[BlackFideId "13902393"]
[EventDate "2018.03.06"]

1. Nf3 g6 2. g3 b6 3. e4 Bb7 4. d3 Bg7 5. Bg2 c5 6. O-O Nc6 7. c4 e6 8. Nc3 Nge7
9. Bf4 d6 10. Qd2 h6 11. Rab1 Qd7 12. a3 Nd4 13. b4 f5 14. bxc5 Nxf3+ 15. Bxf3
dxc5 16. Nb5 e5 17. Be3 f4 18. gxf4 a6 19. Nc3 exf4 20. Rxb6 fxe3 21. fxe3 O-O
22. Nd5 Nc6 23. Qg2 Ne5 24. Be2 Rxf1+ 25. Bxf1 Rf8 26. Be2 g5 27. h4 Bxd5 28.
hxg5 hxg5 29. cxd5 g4 30. Re6 Qb7 31. Kh2 Nf3+ 32. Bxf3 gxf3 33. Qf2 a5 34. d4
cxd4 35. exd4 Qb5 36. Kg3 Qc4 37. Rg6 Kh7 0-1

[Event "Reykjavik Open 2018"]
[Site "Reykjavik ISL"]
[Date "2018.03.11"]
[Round "6.24"]
[White "Kveinys, Aloyzas"]
[Black "Finsterwalder, Sebastian"]
[Result "1-0"]
[WhiteTitle "GM"]
[WhiteElo "2511"]
[BlackElo "2187"]
[WhiteFideId "12800040"]
[BlackFideId "24632090"]
[EventDate "2018.03.06"]

1. c4 c6 2. Nf3 d5 3. e3 Nf6 4. Nc3 Bg4 5. Qb3 Bxf3 6. Qxb7 Nbd7 7. gxf3 Qc8 8.
Qxc8+ Rxc8 9. f4 e6 10. b3 Bb4 11. Bb2 O-O 12. Rg1 Rfe8 13. Rc1 e5 14. Bh3 Rcd8
15. Bxd7 Nxd7 16. cxd5 Nc5 17. Ke2 cxd5 18. a3 Bxc3 19. Rxc3 Ne4 20. Rcc1 d4 21.
d3 Nc3+ 22. Bxc3 dxc3 23. fxe5 1-0

[Event "Reykjavik Open 2018"]
[Site "Reykjavik ISL"]
[Date "2018.03.11"]
[Round "6.25"]
[White "Vidic, Teja"]
[Black "Christiansen, Johan-Sebastian"]
[Result "0-1"]
[WhiteTitle "WFM"]
[BlackTitle "IM"]
[WhiteElo "2180"]
[BlackElo "2486"]
[WhiteFideId "14605511"]
[BlackFideId "1512668"]
[EventDate "2018.03.06"]

1. e4 e5 2. Nf3 Nc6 3. Nc3 Nf6 4. d4 exd4 5. Nxd4 Bb4 6. Nxc6 bxc6 7. Bd3 O-O 8.
O-O Re8 9. Bg5 h6 10. Bh4 Rb8 11. Qf3 Bd6 12. Rab1 Be5 13. h3 d6 14. Bc4 Qe7 15.
Rfe1 Be6 16. Bb3 Rb4 17. Bxf6 Bxf6 18. e5 Bxe5 19. Qxc6 Rb6 20. Qf3 Rbb8 21. Ba4
Rec8 22. Bc6 Qg5 23. b3 Rb6 24. Rbd1 Kh8 25. a4 Rcb8 26. Nb5 Bxh3 27. Qxh3 Rxc6
28. c4 a6 29. Qd7 Rcb6 30. Nxc7 Rxb3 31. Nxa6 Rf8 32. c5 Qh5 33. Qe7 Qh2+ 34.
Kf1 Rb2 35. Qxf8+ Kh7 0-1

[Event "Reykjavik Open 2018"]
[Site "Reykjavik ISL"]
[Date "2018.03.11"]
[Round "6.26"]
[White "Bartholomew, John"]
[Black "Jacobsen, Mikkel Manosri"]
[Result "1-0"]
[WhiteTitle "IM"]
[BlackTitle "FM"]
[WhiteElo "2477"]
[BlackElo "2161"]
[WhiteFideId "2019353"]
[BlackFideId "1444514"]
[EventDate "2018.03.06"]

1. d4 d5 2. c4 c6 3. cxd5 cxd5 4. Nf3 Nf6 5. Nc3 Nc6 6. Bf4 a6 7. Rc1 e6 8. e3
Bd6 9. Bd3 O-O 10. O-O Bxf4 11. exf4 Bd7 12. a3 Ne7 13. Ne5 Qb6 14. b4 Bb5 15.
Re1 Bxd3 16. Qxd3 Rfc8 17. Na4 Qa7 18. Rxc8+ Rxc8 19. Nc5 a5 20. b5 Nf5 21. Rb1
Qb6 22. g4 Nd6 23. f3 Nc4 24. Kg2 Qc7 25. b6 Nxb6 26. Rb5 Rb8 27. Qb3 Nbd7 28.
Rxb7 Rxb7 29. Qxb7 Qxb7 30. Nxb7 a4 31. Kf2 Nxe5 32. fxe5 Nd7 33. Ke2 f6 34. f4
fxe5 35. fxe5 Kf7 36. Kd3 Kg6 37. Kc3 Kg5 38. Nc5 Nf8 39. Nxa4 Kxg4 40. Nc5 g5
41. a4 Kh3 42. a5 Kxh2 43. a6 g4 44. a7 g3 45. a8=Q Ng6 46. Qg8 h5 47. Qxg6 h4
48. Nxe6 g2 49. Ng5 1-0

[Event "Reykjavik Open 2018"]
[Site "Reykjavik ISL"]
[Date "2018.03.11"]
[Round "6.27"]
[White "Baldursson, Hrannar"]
[Black "Sundararajan, Kidambi"]
[Result "0-1"]
[BlackTitle "GM"]
[WhiteElo "2130"]
[BlackElo "2427"]
[WhiteFideId "2301156"]
[BlackFideId "5005370"]
[EventDate "2018.03.06"]

1. c4 f5 2. Nc3 Nf6 3. Nf3 e6 4. g3 d5 5. cxd5 exd5 6. Bg2 c6 7. d4 Bd6 8. O-O
O-O 9. Bg5 Nbd7 10. e3 Qe8 11. Rc1 Ne4 12. Bf4 Qe7 13. Qc2 Ndf6 14. Bxd6 Nxd6
15. Ne5 Ng4 16. Nd3 Kh8 17. h3 Nf6 18. Ne5 Nfe4 19. Ne2 Be6 20. f3 Nf6 21. Nf4
Bf7 22. b3 Rac8 23. Rfe1 g5 24. Nfd3 g4 25. hxg4 fxg4 26. f4 Be6 27. Nf2 Nh5 28.
Nfxg4 Nxg3 29. Bf3 Rg8 30. Qh2 Nde4 31. Rc2 Rg7 32. Rg2 Bxg4 33. Bxg4 Rcg8 34.
Rxg3 Nxg3 35. Qxg3 h5 36. Qh2 Rh7 37. Qc2 Qh4 38. Re2 Qg3+ 39. Rg2 Qe1+ 0-1

[Event "Reykjavik Open 2018"]
[Site "Reykjavik ISL"]
[Date "2018.03.11"]
[Round "6.28"]
[White "Thorhallsson, Throstur"]
[Black "Valette, Christian"]
[Result "1-0"]
[WhiteTitle "GM"]
[WhiteElo "2419"]
[BlackElo "2022"]
[WhiteFideId "2300109"]
[BlackFideId "613940"]
[EventDate "2018.03.06"]

1. e4 e6 2. d4 d5 3. Nc3 Nf6 4. e5 Nfd7 5. f4 c5 6. Nf3 Nc6 7. Be3 Be7 8. Qd2
O-O 9. g3 cxd4 10. Nxd4 Nb6 11. b3 Bd7 12. Bd3 f6 13. exf6 Bxf6 14. Nce2 e5 15.
fxe5 Nxe5 16. O-O Nxd3 17. Qxd3 Rc8 18. Nf4 Re8 19. a4 Qe7 20. Rae1 Qb4 21. Nh5
Be5 22. Nf3 Bc3 23. Ng5 g6 24. Nxh7 Bf5 25. Rxf5 gxf5 26. Qxf5 Qe7 27. N7f6+ Kh8
28. Qg6 Bxf6 29. Nxf6 1-0

[Event "Reykjavik Open 2018"]
[Site "Reykjavik ISL"]
[Date "2018.03.11"]
[Round "6.29"]
[White "Adocchio, Giampiero"]
[Black "Norowitz, Yaacov"]
[Result "0-1"]
[BlackTitle "IM"]
[WhiteElo "2157"]
[BlackElo "2412"]
[WhiteFideId "4666011"]
[BlackFideId "2024799"]
[EventDate "2018.03.06"]

1. d4 Nf6 2. Bf4 c5 3. e3 cxd4 4. exd4 Qb6 5. Nc3 a6 6. a3 d5 7. h3 Nc6 8. Nf3
Bf5 9. Bd3 Bxd3 10. Qxd3 e6 11. O-O Be7 12. Rfe1 O-O 13. Ne5 Rac8 14. Rab1 Rfe8
15. Ne2 Bd6 16. c3 Qc7 17. Nxc6 Qxc6 18. Bxd6 Qxd6 19. Qg3 Qxg3 20. Nxg3 b5 21.
Re3 a5 22. b4 axb4 23. Rxb4 Ra8 24. Rxb5 Rxa3 25. f3 Rc8 26. Kf2 Ne8 27. Ne2 Nd6
28. Rb1 g5 29. Rd3 Ra2 30. Ke1 Nc4 31. f4 h6 32. fxg5 hxg5 33. Rg3 f6 34. Rb7
Ra1+ 0-1

[Event "Reykjavik Open 2018"]
[Site "Reykjavik ISL"]
[Date "2018.03.11"]
[Round "6.30"]
[White "Thavandiran, Shiyam"]
[Black "Mortensen, Rogvi"]
[Result "1-0"]
[WhiteTitle "IM"]
[WhiteElo "2399"]
[BlackElo "2018"]
[WhiteFideId "2605058"]
[BlackFideId "7202369"]
[EventDate "2018.03.06"]

1. e4 e6 2. d3 d5 3. Nd2 Nf6 4. Ngf3 Nc6 5. Be2 e5 6. c3 Bd6 7. b4 O-O 8. O-O
Ne7 9. Bb2 Ng6 10. Re1 Re8 11. Bf1 c6 12. g3 Bf8 13. a3 a5 14. Bg2 b5 15. Qc2
Qb6 16. Rab1 h6 17. Nf1 dxe4 18. dxe4 Be6 19. Ne3 c5 20. bxa5 Qxa5 21. c4 bxc4
22. Nxc4 Bxc4 23. Qxc4 Qa4 24. Bf1 Nd7 25. Qa2 Nb6 26. Nd2 Ra7 27. Ba1 Qa5 28.
Rb5 1-0

[Event "Reykjavik Open 2018"]
[Site "Reykjavik ISL"]
[Date "2018.03.11"]
[Round "6.31"]
[White "Thorhallsson, Simon"]
[Black "Abrahamyan, Tatev"]
[Result "1/2-1/2"]
[BlackTitle "WGM"]
[WhiteElo "2060"]
[BlackElo "2369"]
[WhiteFideId "2310090"]
[BlackFideId "13301918"]
[EventDate "2018.03.06"]

1. d4 Nf6 2. c4 e6 3. g3 c5 4. d5 exd5 5. cxd5 g6 6. Nc3 Bg7 7. Bg2 O-O 8. Nf3
d6 9. O-O a6 10. a4 Re8 11. Bf4 Nh5 12. Bg5 Qc7 13. Nd2 Nd7 14. Nc4 Ne5 15. Nxe5
Bxe5 16. e4 Bd7 17. f4 Bd4+ 18. Kh1 f6 19. Bh6 b5 20. g4 Ng7 21. f5 b4 22. Ne2
Bxb2 23. g5 gxf5 24. Ra2 Be5 25. gxf6 Bxf6 26. Nf4 Re7 27. Nh5 Nxh5 28. Qxh5 c4
29. Bh3 c3 30. Rg2+ Kh8 31. Bxf5 Bxf5 32. Qxf5 Rf7 33. Qe6 b3 34. Rxf6 b2 35.
Rxf7 b1=Q+ 36. Rg1 Qxf7 37. Qxf7 Qxe4+ 38. Rg2 Qe1+ 39. Rg1 Qe4+ 40. Rg2 Qe1+ 1/2-1/2

[Event "Reykjavik Open 2018"]
[Site "Reykjavik ISL"]
[Date "2018.03.11"]
[Round "6.32"]
[White "Birkisson, Bjorn Holm"]
[Black "Fenil, Shah"]
[Result "0-1"]
[BlackTitle "FM"]
[WhiteElo "2022"]
[BlackElo "2346"]
[WhiteFideId "2310600"]
[BlackFideId "5019850"]
[EventDate "2018.03.06"]

1. d4 d5 2. Bf4 Nf6 3. e3 c5 4. Nd2 Qb6 5. dxc5 Qxb2 6. Rb1 Qc3 7. Bb5+ Nc6 8.
Ne2 Qxc5 9. O-O e6 10. Nd4 Bd7 11. N2b3 Qa3 12. Nc1 Be7 13. Be2 Nxd4 14. exd4
Bc6 15. Rb3 Qa5 16. Rh3 Bb5 17. Nb3 Qa6 18. Bxb5+ Qxb5 19. Nd2 Rc8 20. Rb3 Qc6
21. Qb1 b6 22. Rc1 O-O 23. c4 dxc4 24. Rxc4 Qd7 25. Be5 Rxc4 26. Nxc4 Rc8 27.
Nb2 Qc6 28. Nd3 Nd5 29. h3 Qc4 30. Qd1 f6 31. Nb2 Qc2 32. Bg3 Qxd1+ 33. Nxd1 Rc1
34. Rd3 Ra1 35. Kf1 Bb4 36. Bb8 Nc3 0-1

[Event "Reykjavik Open 2018"]
[Site "Reykjavik ISL"]
[Date "2018.03.11"]
[Round "6.33"]
[White "Thurlow, Kevin J"]
[Black "Unuk, Laura"]
[Result "1/2-1/2"]
[WhiteTitle "CM"]
[BlackTitle "WIM"]
[WhiteElo "1999"]
[BlackElo "2346"]
[WhiteFideId "406104"]
[BlackFideId "14609215"]
[EventDate "2018.03.06"]

1. c4 e5 2. Nc3 Bb4 3. Nf3 Nc6 4. e3 Bxc3 5. bxc3 e4 6. Nd4 Ne5 7. f4 exf3 8.
Nxf3 d6 9. d4 Nxf3+ 10. Qxf3 c6 11. Bd3 Qh4+ 12. Qf2 Qxf2+ 13. Kxf2 h5 14. e4 b6
15. Bf4 Kd7 16. a4 Ne7 17. a5 Ba6 18. Rhb1 Ng6 19. Bg5 Kc7 20. Ke2 Rhe8 21. Kd2
c5 22. Rf1 f6 23. Be3 Ne7 24. h4 Nc6 25. axb6+ axb6 26. Ra4 Na5 27. e5 Nxc4+ 28.
Bxc4 Bxc4 29. exd6+ Kxd6 30. dxc5+ Kd5 31. Rf5+ Ke6 32. Rxa8 Rxa8 33. Rxh5 Ra2+
34. Kc1 bxc5 35. Rxc5 Bd3 36. g3 Kd6 37. Rc8 Kd5 38. Bf4 Bf5 39. Rc7 g6 40. Rb7
Rc2+ 41. Kd1 Rxc3 42. Kd2 Ra3 43. Rb6 1/2-1/2

[Event "Reykjavik Open 2018"]
[Site "Reykjavik ISL"]
[Date "2018.03.11"]
[Round "6.34"]
[White "Foisor, Sabina-Francesca"]
[Black "Swati, Mohota"]
[Result "1/2-1/2"]
[WhiteTitle "WGM"]
[BlackTitle "WFM"]
[WhiteElo "2326"]
[BlackElo "1991"]
[WhiteFideId "1212915"]
[BlackFideId "5006511"]
[EventDate "2018.03.06"]

1. d4 d5 2. c4 c6 3. Nf3 Nf6 4. Nbd2 Bf5 5. Nh4 Be6 6. e3 g6 7. b3 Bg7 8. Bb2
O-O 9. Qc2 a5 10. a3 Na6 11. c5 b5 12. Bd3 Qc7 13. Nhf3 Bc8 14. Ne5 Ng4 15. Nxg4
Bxg4 16. f4 Qd7 17. h3 Bf5 18. O-O-O Bxd3 19. Qxd3 f6 20. h4 e5 21. h5 e4 22.
Qe2 f5 23. g4 Kf7 24. Rdg1 Rg8 25. hxg6+ hxg6 26. gxf5 Qxf5 27. Rg5 Qf6 28. Nf1
Rh8 29. Rhg1 Rh6 30. f5 Rah8 31. fxg6+ Ke8 32. Re5+ Kd8 33. Reg5 Rh1 34. Bc3
Rxg1 35. Bxa5+ Ke8 36. Rxg1 Nxc5 37. dxc5 Qa1+ 38. Kd2 Qxa3 39. Qg4 Qxa5+ 40.
Ke2 Qa2+ 41. Nd2 Rh2+ 42. Rg2 Rxg2+ 43. Qxg2 Bc3 44. Qg4 Qxd2+ 45. Kf1 Qe1+ 46.
Kg2 Qd2+ 47. Kf1 Qe1+ 48. Kg2 Qe2+ 1/2-1/2

[Event "Reykjavik Open 2018"]
[Site "Reykjavik ISL"]
[Date "2018.03.11"]
[Round "6.35"]
[White "Zhou, Aiden"]
[Black "Sarkar, Justin"]
[Result "0-1"]
[BlackTitle "IM"]
[WhiteElo "1977"]
[BlackElo "2322"]
[WhiteFideId "2618826"]
[BlackFideId "2010011"]
[EventDate "2018.03.06"]

1. d4 Nf6 2. c4 d6 3. Nc3 e5 4. d5 e4 5. f3 Qe7 6. Bg5 exf3 7. gxf3 h6 8. Bh4
Nbd7 9. e4 Ne5 10. Qd2 g5 11. Bg3 Nh5 12. O-O-O Bg7 13. Nb5 O-O 14. Nd4 Bd7 15.
Bf2 c5 16. Nf5 Bxf5 17. exf5 Qf6 18. h4 Nf4 19. hxg5 Ned3+ 20. Bxd3 Nxd3+ 21.
Kb1 hxg5 22. Be3 Nxb2 23. Bxg5 Qxf5+ 24. Qc2 Qxc2+ 25. Kxc2 Nxd1 26. Kxd1 Rfe8
27. Ne2 b5 28. cxb5 Re5 29. Bf4 Rxd5+ 30. Kc2 Re8 31. Ng3 c4 32. a4 Rd3 33. Nh5
Re2+ 34. Kc1 Ra2 35. Rh3 Rg2 36. Nxg7 Kxg7 37. Rg3+ Rxg3 38. Bxg3 Ra3 39. Bxd6
Rxa4 40. Be5+ Kg6 41. Bd6 Ra5 42. Bc5 Rxb5 43. Bxa7 Rb3 44. f4 Kf5 0-1

[Event "Reykjavik Open 2018"]
[Site "Reykjavik ISL"]
[Date "2018.03.11"]
[Round "6.36"]
[White "Midoux, Sebastien"]
[Black "Jacobsen, Heidrikur T."]
[Result "1-0"]
[WhiteElo "2319"]
[BlackElo "1887"]
[WhiteFideId "611140"]
[BlackFideId "7200340"]
[EventDate "2018.03.06"]

1. c4 Nf6 2. g3 g6 3. Bg2 Bg7 4. Nc3 O-O 5. d3 d6 6. e4 e5 7. Nge2 c6 8. O-O Ng4
9. h3 Nh6 10. d4 f5 11. dxe5 dxe5 12. Qxd8 Rxd8 13. Be3 Nf7 14. Rfd1 Rxd1+ 15.
Rxd1 Be6 16. b3 Na6 17. Na4 Bf8 18. Nec3 Be7 19. h4 Kg7 20. Nb2 Bc5 21. Re1 Rd8
22. Bxc5 Nxc5 23. Re2 Rd4 24. Kf1 Kf6 25. Ke1 Nd3+ 26. Nxd3 Rxd3 27. Rc2 Rd4 28.
Ne2 Rd8 29. Rd2 Rxd2 30. Kxd2 fxe4 31. Bxe4 Bf5 32. Nc3 Nd6 33. Bg2 h5 34. c5
Nf7 35. b4 Ke6 36. Ne4 Ke7 37. a4 a6 38. Kc3 Be6 39. Nd2 Bd5 40. Be4 Bxe4 41.
Nxe4 Ke6 42. Kc4 Ke7 43. a5 Ke6 44. f3 Ke7 45. Kc3 Ke6 46. Kd3 Ke7 47. g4 hxg4
48. fxg4 Nh6 49. h5 Nxg4 50. hxg6 Nh6 51. Nd6 Ke6 52. Nxb7 Kd5 53. Nd6 Ng8 54.
Ne8 e4+ 55. Ke3 Kc4 56. Kxe4 Kxb4 57. Ke5 Kxc5 58. g7 Kb5 59. Nf6 Nh6 60. Kf4 1-0

[Event "Reykjavik Open 2018"]
[Site "Reykjavik ISL"]
[Date "2018.03.11"]
[Round "6.37"]
[White "Mai, Aron Thor"]
[Black "Risting, Eivind Olav"]
[Result "1/2-1/2"]
[BlackTitle "FM"]
[WhiteElo "1975"]
[BlackElo "2304"]
[WhiteFideId "2313383"]
[BlackFideId "1517333"]
[EventDate "2018.03.06"]

1. d4 Nf6 2. Nc3 d5 3. Bf4 c5 4. e3 a6 5. dxc5 e6 6. Na4 Bxc5 7. Nxc5 Qa5+ 8. c3
Qxc5 9. Nf3 Nc6 10. Bd3 h6 11. O-O O-O 12. Ne5 Qe7 13. c4 Rd8 14. Qf3 Bd7 15.
Rfd1 Rac8 16. Rac1 Nxe5 17. Bxe5 Bc6 18. Bxf6 Qxf6 19. Qxf6 gxf6 20. cxd5 Bxd5
21. Rxc8 Rxc8 22. Bb1 Rc5 23. e4 Bc6 24. f3 a5 25. Kf2 Kf8 26. Ke3 Ke7 27. Kd2
Kd6 28. Ke3+ Kc7 29. Bd3 b5 30. Rd2 Kb6 31. Rc2 Rg5 32. Kf2 Rg8 33. Ke3 Rd8 34.
Rd2 Kc5 35. Rc2+ Kb6 36. Rd2 a4 37. Bb1 Rxd2 38. Kxd2 Kc5 39. Ke3 Kb4 40. Bc2 a3
41. bxa3+ Kxa3 42. Bb3 b4 43. Kd4 Bb5 44. f4 Ba4 45. Kc4 Bc6 46. Kd4 Ba4 47. Kc4 1/2-1/2

[Event "Reykjavik Open 2018"]
[Site "Reykjavik ISL"]
[Date "2018.03.11"]
[Round "6.38"]
[White "Der Manuelian, Haik"]
[Black "Eiriksson, Sigurdur"]
[Result "1-0"]
[WhiteElo "2279"]
[BlackElo "1866"]
[WhiteFideId "2084015"]
[BlackFideId "2302314"]
[EventDate "2018.03.06"]

1. e4 c5 2. Nf3 d6 3. d4 cxd4 4. Nxd4 Nf6 5. Nc3 g6 6. Be3 Bg7 7. f3 O-O 8. Qd2
Nc6 9. Bc4 Bd7 10. Bb3 Na5 11. O-O-O Rb8 12. Bh6 Nxb3+ 13. cxb3 b5 14. Kb1 b4
15. Nce2 Qa5 16. h4 e5 17. Nc2 Rb6 18. h5 Be6 19. Bxg7 Kxg7 20. hxg6 fxg6 21.
Nc1 Rf7 22. a3 Qb5 23. Nxb4 Rc7 24. g4 Rf7 25. Qh6+ Kg8 26. g5 Nd7 27. Nd5 Bxd5
28. Rxd5 Qa6 29. Qh3 Nf8 30. Rhd1 Rc6 31. Nd3 Rcc7 32. Ka2 Rb7 33. Rc1 Qb6 34.
b4 Qe3 35. Rxd6 Rxf3 36. Qc8 Re7 37. Rf6 Rxf6 38. gxf6 Re6 39. Qc4 Qd4 40. Qb3
Kh8 41. Rf1 Qd6 42. Qc3 h5 43. f7 Kh7 44. b5 Re7 45. Nc5 Kg7 46. Qc4 Qd4 47.
Qxd4 exd4 48. a4 h4 49. a5 Rxf7 50. Rxf7+ Kxf7 51. b6 h3 52. bxa7 h2 53. a8=Q
h1=Q 54. Qd5+ Ke7 55. a6 Qe1 56. Nb3 Qb4 57. Qc5+ Qxc5 58. Nxc5 d3 59. Kb3 1-0

[Event "Reykjavik Open 2018"]
[Site "Reykjavik ISL"]
[Date "2018.03.11"]
[Round "6.39"]
[White "Van den Bersselaar, Henri"]
[Black "Kumar, Nikhil"]
[Result "0-1"]
[BlackTitle "FM"]
[WhiteElo "1956"]
[BlackElo "2277"]
[WhiteFideId "1022032"]
[BlackFideId "30909040"]
[EventDate "2018.03.06"]

1. d4 d5 2. Bf4 Nf6 3. e3 c5 4. Nd2 Nc6 5. c3 Bf5 6. Ngf3 Qb6 7. Qb3 c4 8. Qxb6
axb6 9. Be2 b5 10. Nh4 Bd7 11. Nhf3 h6 12. Ne5 b4 13. Nxd7 Kxd7 14. f3 Nh5 15.
Bg3 Nxg3 16. hxg3 e6 17. Kf2 Bd6 18. Rhc1 b5 19. f4 Ra7 20. cxb4 Nxb4 21. a3 Nc6
22. Rab1 Rb8 23. Nf3 f6 24. Ne1 b4 25. b3 cxb3 26. Rxb3 Rxa3 27. Rb2 Na5 28. Nc2
Rc3 29. Ra1 Nc6 30. Ra6 Rb7 31. Ra8 b3 32. Na1 Ke7 33. Rg8 Kf7 34. Ra8 Ne7 35.
Bh5+ g6 36. Be2 Nf5 37. Ra6 Ke7 38. Bd1 Nxe3 39. Bxb3 Nd1+ 40. Bxd1 Rxb2+ 0-1

[Event "Reykjavik Open 2018"]
[Site "Reykjavik ISL"]
[Date "2018.03.11"]
[Round "6.40"]
[White "Goldammer, Christian"]
[Black "Doluhanova, Evgeniya"]
[Result "0-1"]
[BlackTitle "WGM"]
[WhiteElo "1885"]
[BlackElo "2275"]
[WhiteFideId "30947200"]
[BlackFideId "14112035"]
[EventDate "2018.03.06"]

1. e4 c5 2. Nf3 Nc6 3. d4 cxd4 4. Nxd4 e5 5. Nb5 d6 6. N1c3 a6 7. Na3 Be7 8. Be2
Be6 9. O-O Nf6 10. Bg5 Nd7 11. Bxe7 Qxe7 12. Nc4 Nd4 13. Ne3 Nf6 14. Ncd5 Nxd5
15. Nxd5 Bxd5 16. exd5 Nxe2+ 17. Qxe2 O-O 18. c4 f5 19. b4 a5 20. a3 e4 21. Rac1
b6 22. f3 e3 23. f4 axb4 24. axb4 Ra3 25. Qb2 Rd3 26. Rc2 Qe4 27. Qa2 Qd4 28.
Re1 Rd2 29. Kh1 Qxf4 30. h3 Qf2 0-1

[Event "Reykjavik Open 2018"]
[Site "Reykjavik ISL"]
[Date "2018.03.11"]
[Round "6.41"]
[White "Johannsson, Birkir Isak"]
[Black "Soham, Das"]
[Result "0-1"]
[WhiteElo "1867"]
[BlackElo "2275"]
[WhiteFideId "2314673"]
[BlackFideId "35026763"]
[EventDate "2018.03.06"]

1. d4 f5 2. g3 Nf6 3. Bg2 g6 4. Nf3 Bg7 5. O-O O-O 6. b4 d5 7. Bb2 Ne4 8. Nbd2
Be6 9. a4 a5 10. b5 c5 11. bxc6 Nxc6 12. e3 Rc8 13. c3 h6 14. Qe2 Nd6 15. Rfc1
g5 16. Rab1 Qe8 17. Ba3 Qf7 18. Bxd6 exd6 19. Qb5 f4 20. exf4 gxf4 21. Qxb7 Rc7
22. Qb5 Kh8 23. Rf1 Bf5 24. Rbe1 Rb8 25. Qe2 Re7 26. Qa6 Rc7 27. Qe2 Bf6 28. h3
Qg6 29. g4 Bd3 30. Qe6 Bxf1 31. Nxf1 Rd8 32. Qxd5 Qf7 33. Qf5 Bg7 34. Qd3 Ne7
35. c4 Rb8 36. Rc1 Qg6 37. Qc3 Rb4 38. Ra1 Nd5 39. Qc1 Nb6 40. c5 dxc5 41. dxc5
Nxa4 42. Ra2 Nc3 0-1

[Event "Reykjavik Open 2018"]
[Site "Reykjavik ISL"]
[Date "2018.03.11"]
[Round "6.42"]
[White "Navalgund, Niranjan"]
[Black "Agustsson, Hafsteinn"]
[Result "1-0"]
[WhiteElo "2275"]
[BlackElo "1853"]
[WhiteFideId "5030854"]
[BlackFideId "2302047"]
[EventDate "2018.03.06"]

1. d4 d5 2. Nf3 e6 3. c4 Nf6 4. g3 dxc4 5. Bg2 Bb4+ 6. Bd2 a5 7. O-O b5 8. a4
Bxd2 9. Qxd2 b4 10. Ne5 Ra7 11. Nxc4 O-O 12. h3 Qe7 13. Qe3 c6 14. Nbd2 Nd5 15.
Qd3 c5 16. dxc5 Qxc5 17. Ne4 Qe7 18. Ned6 Nc6 19. Nb5 Ra6 20. Rfd1 Rd8 21. Rac1
Bb7 22. e4 Nb6 23. Ncd6 Ba8 24. Kh2 Nc8 25. e5 f6 26. Nf5 Qe8 27. Nc7 Rxd3 28.
Rxd3 Qf7 29. Nxa6 exf5 30. Bd5 1-0

[Event "Reykjavik Open 2018"]
[Site "Reykjavik ISL"]
[Date "2018.03.11"]
[Round "6.43"]
[White "Coffman, Charles Z"]
[Black "Mohota, Nisha"]
[Result "0-1"]
[BlackTitle "IM"]
[WhiteElo "1814"]
[BlackElo "2272"]
[WhiteFideId "2091933"]
[BlackFideId "5004330"]
[EventDate "2018.03.06"]

1. e4 Nf6 2. e5 Nd5 3. c4 Nb6 4. d4 d6 5. exd6 cxd6 6. Nc3 g6 7. Be3 Bg7 8. Nf3
O-O 9. Rc1 Bg4 10. Be2 Nc6 11. b3 d5 12. c5 Nc8 13. O-O Bxf3 14. Bxf3 e6 15. Rb1
N8e7 16. b4 Nf5 17. Ne2 Qf6 18. Qd3 Ncxd4 19. Nxd4 Nxd4 20. Bxd4 Qxd4 21. Qb5
Rab8 22. Qa5 Qf4 23. Rb3 a6 24. g3 Qf5 25. c6 bxc6 26. Rc1 e5 27. Rxc6 e4 28.
Bd1 Bd4 29. Rc2 Rfc8 30. Rd2 Rc4 31. Qxa6 Qg5 32. Re2 Rc1 33. Re1 Qd2 34. Qf1
Bc3 35. Rxc3 Qxc3 36. b5 Rxb5 37. Re3 Qc4 38. Re2 Rbb1 0-1

[Event "Reykjavik Open 2018"]
[Site "Reykjavik ISL"]
[Date "2018.03.11"]
[Round "6.45"]
[White "Birkisson, Bardur Orn"]
[Black "Hallsson, Jon Eggert"]
[Result "1-0"]
[WhiteTitle "CM"]
[WhiteElo "2212"]
[BlackElo "1684"]
[WhiteFideId "2310597"]
[BlackFideId "2311569"]
[EventDate "2018.03.06"]

1. d4 e6 2. Nf3 f5 3. g3 Nf6 4. Bg2 Be7 5. O-O O-O 6. c4 d6 7. b3 Ne4 8. Bb2 Bf6
9. Nbd2 Nc6 10. Qc1 Nxd2 11. Qxd2 e5 12. dxe5 dxe5 13. Qd5+ Kh8 14. e4 Qe7 15.
Qd3 g6 16. Rad1 Bg7 17. Qe3 f4 18. gxf4 Rxf4 19. Rd5 g5 20. Qc5 Qxc5 21. Rxc5
Rxe4 22. Nxg5 Rg4 23. Nf7+ Kg8 24. Nxe5 Rg5 25. f4 Bxe5 26. Bxe5 Rg6 27. Bxc7
Bh3 28. Rg5 Bxg2 29. Kxg2 Nb4 30. Rf2 a5 31. Bd6 Nc6 32. Rxg6+ hxg6 33. f5 Rd8
34. c5 g5 35. Kg3 Kf7 36. Kg4 Kf6 37. Re2 Rh8 38. Re6+ Kf7 39. Kxg5 Rg8+ 40. Rg6 1-0

[Event "Reykjavik Open 2018"]
[Site "Reykjavik ISL"]
[Date "2018.03.11"]
[Round "6.46"]
[White "Fjallheim, Leif Reinert"]
[Black "Nebolsina, Vera"]
[Result "0-1"]
[BlackTitle "WGM"]
[WhiteElo "1737"]
[BlackElo "2211"]
[WhiteFideId "7201788"]
[BlackFideId "4163591"]
[EventDate "2018.03.06"]

1. e4 c5 2. Nc3 d6 3. f4 g6 4. Nf3 Bg7 5. Bc4 e6 6. O-O Ne7 7. d3 Nbc6 8. Qe1 h6
9. Bb3 Na5 10. Ba4+ Bd7 11. Bxd7+ Qxd7 12. Ne2 Nac6 13. c3 f5 14. Be3 O-O 15.
Rd1 b5 16. Ng3 b4 17. Rf2 bxc3 18. bxc3 Qc7 19. Rc2 Qa5 20. Bd2 Qa4 21. Rdc1
Rae8 22. Qf2 Kh7 23. exf5 exf5 24. Ne2 Nd5 25. Kf1 Re7 26. Ne1 Rfe8 27. Ng1
Rxe1+ 28. Rxe1 Rxe1+ 29. Bxe1 Qxc2 0-1